| 000 | 00466nam a22001697a 4500 | ||
|---|---|---|---|
| 005 | 20251108175107.0 | ||
| 008 | 250721s2010 xx 000 0 ara d | ||
| 082 | 1 | 4 | _a792.022/دوا |
| 100 | 1 | _aدواره، عمر | |
| 245 | 1 | 0 | _aمسارح الأطفال / |
| 264 | 1 |
_aالقاهرة : _bالهيئة المصرية العامة، _c2010. |
|
| 300 | _a313 ص. | ||
| 650 | 1 | 7 | _aالمسرح |
| 650 | 1 | 7 | _aالاطفال |
| 942 |
_2ddc _cBK |
||
| 999 |
_c126008 _d126008 |
||